| 000 | 00527nam a22001697a 4500 | ||
|---|---|---|---|
| 003 | MACL | ||
| 005 | 20160422165319.0 | ||
| 008 | 160422b xxu||||| |||| 00| 0 eng d | ||
| 040 | _cMACL | ||
| 041 | _aHindi | ||
| 082 | _a800 AGR | ||
| 100 |
_aअग्रवाल विजय _946794 |
||
| 245 | _aहिन्दी भाषा अतीत से आज तक | ||
| 260 |
_aनई दिल्ली _bदिवि पब्लिशर्स _c1996 |
||
| 650 |
_aHindi Literature _953447 |
||
| 942 |
_2ddc _cHIN |
||
| 999 |
_c53825 _d53825 |
||